Statistiques concernant Coupes du Monde de Football: Australie

Cliquez ici pour prendre le quiz!

Statistiques générales

  • Ce quiz a été pris 105 fois
    (45 depuis la dernière actualisation)
  • Le résultat moyen est 13 sur 16

Statistiques - réponses

Réponse% Correct
France
100%
Danemark
92%
RFA
92%
Tunisie
92%
RDA
89%
Allemagne
87%
Brésil
87%
Pérou
87%
Espagne
84%
Italie
82%
Pays-Bas
79%
Chili
74%
Croatie
61%
Japon
61%
Ghana
47%
Serbie
47%

Distribution des résultats

Percentile par nombre de réponses

% des personnes avec chaque résultat

Votre développement - résultats

Vous n’avez pas pris ce quiz depuis la dernière actualisation